| 000 | 01174nam a2200265 i 4500 | ||
|---|---|---|---|
| 001 | 40043 | ||
| 003 | ES-MaACL | ||
| 005 | 20230906160129.0 | ||
| 007 | t| | ||
| 008 | 030305s1881 fr ||||1| fre d | ||
| 080 | _a908(966) | ||
| 100 | 1 |
_aCantova, J. Antonio. _934694 |
|
| 245 | 1 | 0 |
_aDécouverte et description des Iles Garbanzos (Carolines) / _c[por el padre] Antonio Cantova ; publiée par Francisco Carrasco ; et traduit de l'espagnol par Eugène Gibert et A. W. Taylor. |
| 260 |
_aParis : _bSociète Académique Indo-Chincise, _c[1881?] |
||
| 300 |
_a12 p. ; _c25 cm. |
||
| 500 | _aExtrait du Bulletin de la Societé Academique Indo-Chincise, n. 5, juil. 1881. | ||
| 530 | _aDisponible también en sitio web. | ||
| 594 | _aTítulo y autor tomados de principio del texto, ejemplar sin portada. | ||
| 651 | 4 |
_aCarolinas (Islas)- _xDescripción. _9150533 |
|
| 700 | 1 |
_aCarrasco, Francisco. _935527 |
|
| 700 | 0 |
_aGibert, Eugéne. _956643 |
|
| 700 | 1 |
_aTaylor, Arthur Williamson. _9133153 |
|
| 852 |
_aES-MaACL _jT-461-F-15 |
||
| 856 |
_uhttp://bibliotecadigitalhispanica.bne.es:80/webclient/DeliveryManager?pid=1930872&custom_att_2=simple_viewer _zIr a la página |
||
| 999 |
_c40043 _d40043 |
||